Ring Lardner /

Bibliographic Details
Main Author: Evans, Elizabeth, 1935-
Format: Book
Language:English
Published: New York : F. Ungar, [1979]
Series:Modern literature monographs.
Subjects:

MARC

Tag First Indicator Second Indicator Subfields
LEADER 00000pam a2200000 i 4500
001 in00000028766
005 20151007062830.0
008 790821s1979 nyu b 00110 eng
010 |a  79004829  
020 |a 0804421854 :  |c $9.95 
035 |a (OCoLC)05353859 
035 |9 AAD5895AM 
040 |a DLC  |c DLC  |d TXA  |d UtOrBLW 
049 |a TXAM  |c [981526] 
050 0 0 |a PS3523.A7  |b Z655 
082 0 |a 818/.5/209  |a B 
100 1 |a Evans, Elizabeth,  |d 1935- 
245 1 0 |a Ring Lardner /  |c Elizabeth Evans. 
264 1 |a New York :  |b F. Ungar,  |c [1979] 
264 4 |c ©1979 
300 |a x, 150 pages ;  |c 21 cm. 
336 |a text  |b txt  |2 rdacontent 
337 |a unmediated  |b n  |2 rdamedia 
338 |a volume  |b nc  |2 rdacarrier 
490 1 |a Modern literature monographs 
500 |a Includes index. 
504 |a Bibliography: pages 141-144. 
600 1 0 |a Lardner, Ring,  |d 1885-1933  |x Criticism and interpretation. 
830 0 |a Modern literature monographs. 
999 |a MARS 
999 f f |s 6e708f8e-b2ef-3da9-b692-5d8b5ab18900  |i 0dbb72dd-657d-3597-a178-f2de2dd37ee0  |t 0 
952 f f |p ric  |a Texas A&M University  |b Rellis Campus  |c Joint Library Facility  |d Remote Storage  |t 0  |e PS3523.A7 Z655  |h Library of Congress classification  |i unmediated -- volume  |m A14804095884 
998 f f |a PS3523.A7 Z655  |t 0  |l Remote Storage